000 00812nam a22002297a 4500
999 _c500
_d500
003 AR-CdUCM
008 190223b ||||| |||| 00| 0 spa d
040 _aMUNICIPALIDAD PROVINCIAL DEL CUSCO
_cBIBLIOTECA MUNICIPAL DEL CUSCO
082 _21ed.
_a869.56 /
_bP45
100 _aChurata, Gamaliel
_91948
245 _aAntologia y Valoracion /
260 _aLima, Peru :
_bInstituto Puneño de Cultura ,
_c1971.
300 _a513 paginas ;
_c21.5 cm.
500 _aNombre real del Autor: Peralta Miranda, Arturo Pablo (Gamaliel Churata)
505 _aPerú Interno -- Indigenismo -- Cultura y Altiplano...
650 _aIndigenismo
_9208
650 _aGamaniel Churata
_91949
650 _aVerú
_91950
700 _aPeralta Miranda, Arturo Pablo (Gamaliel Churata)
_91951
942 _2ddc
_cLIBROS
945 _artm